| 000 | 00921nam a22002177a 4500 | ||
|---|---|---|---|
| 003 | SEM | ||
| 999 |
_c69032 _d69032 |
||
| 005 | 20220608074251.0 | ||
| 008 | 190410b ||||| |||| 00| 0 rus d | ||
| 040 |
_aSEM _cSEM |
||
| 041 | 0 | _arus. | |
| 080 | _a803.0-3=82/Н-50 | ||
| 245 | 0 | 4 |
_aНемецко-русский словарь. _bОколо 20000 слов. / _cРед.: И. Рахманова, А. Белкина |
| 250 |
_a2-ое издание; _bисправленное и дополненное |
||
| 260 |
_aМосква: _bГосударственное изд. иностранных и национальных словарей, _c1948. |
||
| 300 |
_a733 с.; _c13 см |
||
| 504 | _aГрамматический справочник с.: 705-733 | ||
| 650 |
_aСловарь _xНемецкий _xРусский |
||
| 700 | 1 |
_aРахманова И. _eред. _4edt. |
|
| 700 | 1 |
_aБелкина А. _eред. _4edt. |
|
| 942 |
_2udc _cBK |
||